000 00264nam a2200121Ia 4500
008 190216s9999||||xx |||||||||||||| ||und||
100 _aStarling And Woodall
245 0 _aPhysics
260 _bOrient Longman
300 _a650p
650 _aPhysics
942 _cBK
999 _c32777
_d32777